The history of Monmouthshire (Record no. 113820)

MARC details
000 -LEADER
fixed length control field 00950cam a22001935a 4500
001 - CONTROL NUMBER
control field L155784
008 - FIXED-LENGTH DATA ELEMENTS--GENERAL INFORMATION
fixed length control field 120416s1796 xxk f 000 0 eng d
035 ## - SYSTEM CONTROL NUMBER
System control number (Sirsi) u155784
041 0# - LANGUAGE CODE
Language code of text/sound track or separate title eng
100 1# - MAIN ENTRY--PERSONAL NAME
Personal name Williams, David
Dates associated with a name 1738-1816
245 04 - TITLE STATEMENT
Title The history of Monmouthshire
Remainder of title By David Williams. Illustrated and ornamented by views of its principal landscapes, ruins, and residences; by John Gardnor, vicar of Battersea. Engraved by Mr. Gardnor and Mr. Hill
260 ## - PUBLICATION, DISTRIBUTION, ETC.
Place of publication, distribution, etc. [London]
Name of publisher, distributor, etc. Printed by H. Baldwin: and sold, in London, by Edwards in Pall-Mall, Egerton at Charing-Cross, Williams in the Strand, White in Fleet-Street; and, at Monmouth, by Tudor and by Heath
Date of publication, distribution, etc. M,DCC,XCVI. [1796]
300 ## - PHYSICAL DESCRIPTION
Extent [14], xi, [1], 360, 199, [7] p., plates
Dimensions 4o
520 ## - SUMMARY, ETC.
Summary, etc. With a half-title.
583 0# - ACTION NOTE
Action Condition reviewed
Time/date of action 20120620
Status condition level 3, detached endpaper
651 #4 - SUBJECT ADDED ENTRY--GEOGRAPHIC NAME
Geographic name Great Britain
Chronological subdivision 1707-
690 ## - LOCAL SUBJECT ADDED ENTRY--TOPICAL TERM (OCLC, RLIN)
Topical term or geographic name as entry element Infrastructure
9 (RLIN) 6246
942 ## - ADDED ENTRY ELEMENTS (KOHA)
Suppress in OPAC 0
Holdings
Withdrawn status Lost status Source of classification or shelving scheme Damaged status Not for loan Home library Current library Shelving location Date acquired Total Checkouts Full call number Barcode Date last seen Copy number Price effective from Koha item type
    Dewey Decimal Classification     Historic collection Historic collection Historic collection 16/04/2012   FOLIO 1796 WILLIAMS 30077726 06/08/2019 1 06/08/2019 Book